|
|
|
|
| LEADER |
00000nam0a2200000 4500 |
| 001 |
121166 |
| 005 |
20231031125315.0 |
| 010 |
|
|
|a 9785367004144
|
| 035 |
|
|
|a (RuTPU)RU\TPU\book\131200
|
| 090 |
|
|
|a 121166
|
| 100 |
|
|
|a 20070911d2007 m y0rusy50 ca
|
| 101 |
0 |
|
|a rus
|
| 102 |
|
|
|a RU
|
| 105 |
|
|
|a y z 000ay
|
| 200 |
1 |
|
|a Остров
|f Д. В. Соболев
|
| 210 |
|
|
|a СПб.
|c Амфора
|d 2007
|
| 215 |
|
|
|a 349 с.
|
| 225 |
1 |
|
|a Читать[модно]
|
| 333 |
|
|
|a Исключено из фонда НТБ ТПУ
|
| 700 |
|
1 |
|a Соболев
|b Д. В.
|g Дмитрий Викторович
|
| 801 |
|
1 |
|a RU
|b 63413507
|c 20070911
|g PSBO
|
| 801 |
|
2 |
|a RU
|b 63413507
|c 20140925
|g PSBO
|
| 942 |
|
|
|c BK
|
| 959 |
|
|
|a 55/20070911
|d 1
|e 162,36
|f ХФ:1
|